El abuso constante /

Na minha lista:
Detalhes bibliográficos
Autor principal: Soley, Rosa María
Formato: Texto
Assuntos:
Tags: Adicionar Tag
Sem tags, seja o primeiro a adicionar uma tag!

MARC

LEADER 00000 a a2200000 04500
001 1412
003
040
100 |a Soley, Rosa María  
245 |a El abuso constante /  |c Rosa María Soley 
650 |a MUJERES  
650 |a GENERO  
650 |a VIOLENCIA CONTRA LAS MUJERES  
650 |a VALORES  
650 |a COSTA RICA  
773 |g número 72; páginas 10-11  
999 |c 27965  |d 27965